000 01148ngm a22003370a 4500
001 PT34923
003 AR-LpoUNG
005 20210202000442.0
007 vd cvaizq
008 191001s1924||||ag |||||||||||||||||rus d
040 _aAR-LpoUNG
_bspa
_cAR-LpoUNG
_eaacr
041 _arus
082 0 _a303.61 36hue
100 1 _aEisenstein, Sergei
_edir.
245 1 3 _aLa huelga
260 _aBuenos Aires :
_bPágina 12,
_c[1924].
300 _aDVD (82 min.) : son., col.
520 _aLos marineros del acorazado Potemkin soportan duras e injustas condiciones de vida. La gota que colma el vaso es el intento por parte de los oficiales al mando de darles carne podrida para comer. Comenzarán entonces una revolución que más tarde se extenderá por el puerto de Odessa y por toda Rusia, comenzando la era de la revolución.
650 4 _aASPECTOS POLITICOS
650 4 _aCLASE OBRERA
650 4 _aCONFLICTOS POLITICOS
650 4 _aHUELGAS
650 4 _aHUELGUISTAS
650 4 _aPARTICIPACION OBRERA EN ACCIONES
650 4 _aRUSIA
651 4 _aPO
653 _aDVD
653 _aVIDEOS
905 _a34923
942 _cDVD
999 _c54864
_d54864